02624nab a2200253 i 4500003000900000005001700009008004100026040001800067072000800085072000800093100004400101100003300145100003500178100002600213245012300239500006600362520162200428650002302050650001002073650001902083650001402102773017602116856007802292BR-BrBNA20250403095606.0250403b2016 bl.qr|pooa||| 00| 0 eng | aBR-BrBNAbpor aP34 aH20 aSantos, Marcos Vinícius Oliveira dos  aBarbosa, Flávia Rodrigues  aLuz, Edna Dora Martins Newman  aBezerra, José Luiz  aBeltraniopsis rhombispora and Hemibeltrania decorosa from leaf litter in the Atlantic Forest in southern Bahia, Brazil aPublicação on-line; 31 ref.; 1 illus.; Summaries (En, Pt) a Abstract Species of the Beltrania group are constantly identified in association with a variety of plant debris in Brazil and different localities of the world. Leaf litter samples of Myrcia splendens and Pera glabrata were collected in the Reserva Biológica de Una, municipality of Una, Bahia state, Brazil, in August 2012, and incubated in moist chambers. Two specimens related to Beltrania group were isolated and identified by morphological criteria. This study aimed to describe and illustrate Beltraniopsis rhombispora for the first time in Brazil. Hemibeltrania decorosa previously reported from Caatinga Biome, Bahia state, has been cited for the first time for Atlantic Forest. Key words: Beltrania group, conidial fungi, diversity, hyphomycetes, taxonomy. Resumo Espécies do grupo Beltrania são constantemente identificadas em associação com uma variedade de substratos vegetais em decomposição no Brasil e em diferentes localidades do mundo. Amostras de folhedo de Myrcia splendens e Pera glabrata foram coletadas na Reserva Biológica de Una, município de Una, estado da Bahia, Brasil, em agosto de 2012, e incubadas em câmara úmida. Dois espécimes relacionados ao grupo Beltrania foram isolados e identificados por critérios morfológicos. Este estudo objetivou descrever e ilustrar Beltraniopsis rhombispora pela primeira vez no Brasil. Hemibeltrania decorosa, anteriormente, reportada no bioma Caatinga, estado da Bahia, está sendo citada pela primeira vez na Mata Atlântica. Palavras-chave: grupo Beltrania, fungos conidiais, diversidade, hifomicetos, taxonomia aBELTRANIA RHOMBICA aFUNGO aBIODIVERSIDADE aTAXONOMIA0 0709dRio de Janeiro-RJ Jardim Botanico do Rio de Janeiro 1935o2025-2173tRodriguésia (Brazil)x0370-6583; 2175-7860 on-linegv. 67(4) p. 1067-1070; (2016)wBR2025000240 uhttps://www.scielo.br/j/rod/a/ndpTvzvCnsrf4xL6YWqkDxy/?format=pdf&lang=en